Kakas, adjon jó napot!' (Kiss Áron Magyar gyermekjáték-gyűjtemény) /

Elmentve itt :
Bibliográfiai részletek
Szerző: Bartha Árpád
Dokumentumtípus: Cikk
Megjelent: 2000
Sorozat:Iskolakultúra 10 No. 12
Online Access:http://misc.bibl.u-szeged.hu/40200
LEADER 00602nab a2200169 i 4500
001 misc40200
005 20191106140906.0
008 180709s2000 hu o 0|| zxx d
022 |a 1215-5233 
040 |a SZTE Miscellanea Repozitórium  |b hun 
041 |a zxx 
100 1 |a Bartha Árpád 
245 1 0 |a Kakas, adjon jó napot!' (Kiss Áron  |h [elektronikus dokumentum] :  |b Magyar gyermekjáték-gyűjtemény) /  |c  Bartha Árpád 
260 |c 2000 
300 |a 115-117 
490 0 |a Iskolakultúra  |v 10 No. 12 
856 4 0 |u http://misc.bibl.u-szeged.hu/40200/1/EPA00011_iskolakultura_2000_12_115-117.pdf  |z Dokumentum-elérés